00677nam a2200193 i 4500001000400000100002100004245010500025260005900130300003300189505002000222650002100242650002100263655002900284020001500313040000800328041000800336008004100344856009800385bgj1 aMISZTAL, Mariusz10aLife in jokes :ba collection of puns, jests, quips and funny stories in English /cMariusz Misztal. aWarszawa :bWydawnictwa Szkolne i Pedagogiczne,c1990. a231 pp :bdrawings ;c21 cm. aIncludes index. 9aEnglish language 9aJokes in English aTextbooks for foreigners a8302043052 cBPK aeng s uk f |000 0 eng  uhttp://koha.tu.koszalin.pl/cgi-bin/koha/opac-detail.pl?biblionumber=48223yKatalog online BPK